Discographie de Supertramp - Statistiques

Statistiques générales
  • Ce quiz a été pris 14 fois
  • Le résultat moyen est 5 sur 11
Statistiques - réponses
Date Titre de l'album % Correct
1979 Breakfast in America
92%
1974 Crime of the century
83%
1975 Crisis ? What Crisis ?
58%
1982 ... Famous Last Words ...
58%
1970 Supertramp
58%
1977 Even in the Quietest Moments...
42%
1987 Free As a Bird
25%
1971 Indelibly Stamped
17%
1985 Brother Where You Bound
8%
2002 Slow Motion
8%
1997 Some Things Never Change
8%
Aucun quiz correspondant
Distribution des résultats
% des personnes avec chaque résultat
Percentile par nombre de réponses
Votre historique - résultats
Vous n’avez pas pris ce quiz